1554 1067 1573 1581 1910 1811 1995 1378 1178 1997 1515 1822 1789 1329 1828 1824 1465 1045 1711 1068 1177 1370 1414 1861 1967 1019 1233 1637 1619 1461 1229 1829 1176 1733 1500 1507 1680 1849 1624 1687 1567 1072 1547 1821 1676 1614 1568 1599 1317 1631 1133 1494 1013 1907 1051 1227 1298 1417 1009 1011 1521 1589 1067 1834 1521 1200 1602 1466 1036 1252 1966 1706 1780 1108 1362 1474 1745 1972 1251 1195 1269 1426 1091 1486 1265 1216 1218 1494 1045 1788 1723 1290 1325 1279 1067 1348 1872 1208 1666 BCNSPRNW ULIB Ver.6.0+V

เปลี่ยนเป็นภาษาไทย

Change to English
 แสดงรายละเอียดบรรณานุกรม
  กลับหน้าหลัก

Brief Record : Get Marc (ISO 2709) : E-mail record : QR code < ปิดหน้าต่าง
LEADER : 00000nam 2200000uu 4500
001    13399109893
003     ULIB
008    110418s2552||||th 000 0 tha d
020    9789746723954
060 04 WD300^bม625ร 2552
100 0  มุทิตา ตระกูลทิวากร
245 10 ไรฝุ่น และโรคภูมิแพ้ทางเดินหายใจในเด็ก /^cมุทิตาตระกูลทิวากร, วรรณะ มหากิตติคุณ, ประนุท ตันไพบูลย์
250    พิมพ์ครั้งที่ 1
260    เชียงใหม่ :^bซิลค์เวอร์ม,^c2552
300    xiii, 190 หน้า :^bภาพประกอบ ;^c25 ซม.
650  0 Allergy in children
650  2 Antigens, Dermatophagoides^xin infancy & childhood
650  2 Pyroglyphidae^xin adolescent
650  7 ภูมิแพ้ในเด็ก
650  7 ไร
650  7 โรคเกิดจากไร
653    ผลงานอาจารย์คณะแพทยศาสตร์ศิริราชพยาบาล
700 0  วรรณะ มหากิตติคุณ
700 0  ประนุท ตันไพบูลย์
945    ^p450^l0^i028348
945    ^p450^l0^i028347
945    ^p450^l0^i028346
945    ^p450^l0^i038995
945    ^p450^l0^i038996
945    ^p450^l0^i038997
945    ^p450^l0^i038998
945    ^p450^l0^i038999
945    ^p450^l0^i039000
945    ^p450^l0^i039001
995    ทศพร
999 ^a ใช้งานได้ทุกระบบ
รายการนี้ยังไม่มีแท็ก
คุณยังไม่ได้ล็อกอิน คุณสามารถมีกิจกรรมร่วมกับเว็บไซต์ได้ แต่ต้องล็อกอินก่อน ::
  ล็อกอิน

รายการสื่อสารสนเทศ

ลำดับที่ ประเภท เลขเรียก/บาร์โค้ด สถานที่ สถานะ
1. วิทยาศาสตร์การแพทย์ และสุขภาพ
วิทยาศาสตร์การแพทย์ และสุขภาพ
WD300 ม625ร 2552 ฉ.10 
  Barcode: 039001
ห้องสมุดวิทยาเขตสวรรค์ประชารักษ์
►หนังสือทั่วไป
บนชั้น
2. วิทยาศาสตร์การแพทย์ และสุขภาพ
วิทยาศาสตร์การแพทย์ และสุขภาพ
WD300 ม625ร 2552 ฉ.4 
  Barcode: 038995
ห้องสมุดวิทยาเขตสวรรค์ประชารักษ์
►หนังสือทั่วไป
บนชั้น
3. วิทยาศาสตร์การแพทย์ และสุขภาพ
วิทยาศาสตร์การแพทย์ และสุขภาพ
WD300 ม625ร 2552 ฉ.5 
  Barcode: 038996
ห้องสมุดวิทยาเขตสวรรค์ประชารักษ์
►หนังสือทั่วไป
บนชั้น
4. วิทยาศาสตร์การแพทย์ และสุขภาพ
วิทยาศาสตร์การแพทย์ และสุขภาพ
WD300 ม625ร 2552 ฉ.6 
  Barcode: 038997
ห้องสมุดวิทยาเขตสวรรค์ประชารักษ์
►หนังสือทั่วไป
บนชั้น
5. วิทยาศาสตร์การแพทย์ และสุขภาพ
วิทยาศาสตร์การแพทย์ และสุขภาพ
WD300 ม625ร 2552 ฉ.7 
  Barcode: 038998
ห้องสมุดวิทยาเขตสวรรค์ประชารักษ์
►หนังสือทั่วไป
บนชั้น
6. วิทยาศาสตร์การแพทย์ และสุขภาพ
วิทยาศาสตร์การแพทย์ และสุขภาพ
WD300 ม625ร 2552 ฉ.8 
  Barcode: 038999
ห้องสมุดวิทยาเขตสวรรค์ประชารักษ์
►หนังสือทั่วไป
บนชั้น
7. วิทยาศาสตร์การแพทย์ และสุขภาพ
วิทยาศาสตร์การแพทย์ และสุขภาพ
WD300 ม625ร 2552 ฉ.9 
  Barcode: 039000
ห้องสมุดวิทยาเขตสวรรค์ประชารักษ์
►หนังสือทั่วไป
บนชั้น

รายการใกล้เคียง
    ผู้แต่ง [มุทิตา ตระกูลทิวากร]

    หัวเรื่อง [Allergy in children]
    หัวเรื่อง [ภูมิแพ้ในเด็ก]
    หัวเรื่อง [ไร]
    หัวเรื่อง [โรคเกิดจากไร]

BibComment


ยังไม่เคยถูกคอมเมนท์

คอมเมนท์ทรัพยากรรายการนี้
  คอมเมนท์: ไรฝุ่น และโรคภูมิ..


 Copyright 2026. Bcnsprnw @Library